'O', 'Q', 'U', 'V' Sorting Gallery Quiz Stats

 Plays Quiz Updated Feb 15, 2020

Support Sporcle.
Go Orange.
Score 0/55 Timer 04:00
8 Plays Today
% Correct
Ukraine
97.4%
Uganda
97.3%
Uruguay
97.3%
Venezuela
97.1%
Vietnam
96.7%
Uzbekistan
96.4%
Qatar
96%
Vatican City
93.9%
Violin
93.4%
Oman
93.3%
Oklahoma
92.2%
Ohio
91.7%
Virginia
91.3%
Ursa Minor
91.2%
Ursa Major
91.1%
Ukulele
91%
Oregon
91.1%
Oboe
91%
Utah
90.6%
Vermont
90.5%
Viola
90.4%
Orion
89.2%
Virgo
86.6%
Québec
86.4%
Queens
86.3%
Ontario
85.6%
Organ
84.6%
Quanzhou
83.1%
% Correct
Qingdao
83%
Vanuatu
79.4%
Ollivander
71.2%
Qiqihar
71.1%
Umbridge
70.8%
Quirrell
70.5%
Vuvuzela
66.6%
Venusaur
66.2%
Vulpix
65.6%
Ocarina
61.1%
Oberyn
59%
Vaporeon
58.9%
Oddish
58.2%
Viserys
56.5%
Varys
55.7%
Victreebel
54.9%
Onix
54.7%
Ophiuchus
48%
Venonat
46.5%
Qyburn
44.7%
Omanyte
43%
Vela
41.5%
Osha
37.2%
Vulpecula
36.6%
Octans
35.4%
Volans
33.1%
Vane
32.5%

From the Vault

European Countries with an 'S'

by PrincessMartell

Sorry, but 'Spoland' isn't a real country.
Remove Ads.
Support Sporcle.
Get the best of Sporcle when you Go Orange. This ad-free experience offers more features, more stats, and more fun while also helping to support Sporcle. Thank you for becoming a member.

Show Comments

Extras

Top Quizzes Today


Score Distribution

Your Account Isn't Verified!

In order to create a playlist on Sporcle, you need to verify the email address you used during registration. Go to your Sporcle Settings to finish the process.

Report this User

Report this user for behavior that violates our Community Guidelines.

Details: